000 01021nam a2200289 a 4500
001 56326
003 BD-RjUL
005 20211209080400.0
008 161128s1996 bg b b 000 0 eng
020 _a9845590756
_c Tk. 80.00
035 _a(BD-RjUL)56450
040 _aDLC
_cDLC
_beng
_dBD-RjUL
041 _aeng
082 _223
_a352.05492
_bHUU 1996
100 1 _aHussain, Shirin.
_9167601
245 1 4 _aThe union parishad :
_ba study on its role in development administration /
_cShirin Hussain, Abdul Quader, Abdul Karim.
260 _aComilla :
_bBangladesh Academy for Rural Development,
_c1996.
300 _aii, 83 p. :
_bill, ;
_c23 cm.
504 _aIncludes bibliographical references (p. 67-69).
650 0 _aLocal government
_zBangladesh.
_9167602
650 0 _aRural development
_zBangladesh.
_9167603
700 1 _aQuader, Md. Abdul.
_9167604
700 1 _aKarim, Abdul.
_9160401
710 2 _aBāṃlādeśa Pallī Unnaẏana Ekāḍemī.
_9167534
942 _2ddc
_cBK
999 _c56326
_d56326